Le Lion et le Rat - Fables de La Fontaine - Statistiques

Statistiques générales
  • Ce quiz a été pris 138 fois
  • Le résultat moyen est 48 sur 124
Statistiques - réponses
Réponse % Correct
Rat
93%
Lion
90%
le
82%
Le
82%
a
76%
à
76%
et
76%
que
73%
plus
69%
De
67%
de
67%
petit
58%
Un
57%
soi.
55%
la
54%
ni
52%
ce
50%
Ce
50%
Il
49%
il
49%
des
48%
d'un
48%
ne
46%
par
46%
besoin
44%
les
44%
force
43%
On
43%
Roi
43%
ses
42%
Font
40%
pas
39%
Patience
39%
rage.
39%
temps
39%
animaux,
37%
longueur
37%
lui
37%
pris
37%
souvent
37%
dans
36%
maille
36%
en
35%
fut
35%
dents
33%
foi,
33%
était,
32%
cette
30%
faut,
29%
tout
29%
fit
27%
pattes
27%
Tant
26%
tant
26%
Entre
25%
terre
25%
sortit
24%
qu'il
23%
vie.
23%
eût
21%
monde :
21%
occasion,
21%
peut,
21%
Qu'un
21%
affaire ?
20%
chose
20%
deux
20%
l'ouvrage.
20%
Sire
20%
feront
19%
forêts
19%
Montra
19%
Qu'une
19%
défaire.
18%
donna
18%
Dont
18%
emporta
18%
Fables
18%
jamais
18%
rongée
18%
rugissements
18%
accourut,
17%
cru
17%
purent
17%
rets,
17%
sortir
17%
vérité
17%
abonde.
15%
assez
15%
Cependant
15%
perdu.
15%
preuve
15%
qu'on
15%
autant
13%
bienfait
13%
Quelqu'un
13%
l'étourdie.
12%
qu'au
12%
advint
11%
obliger
11%
aurait-il
10%
Aucun quiz correspondant
Distribution des résultats
% des personnes avec chaque résultat
Percentile par nombre de réponses
Votre historique - résultats
Vous n’avez pas pris ce quiz